[Event "Online Olym Div3 D"]
[Site "Chess.com INT"]
[Date "2020.08.07"]
[Round "2.5"]
[White "Kakulidis, Ellen"]
[Black "Sitoe, Cheila Andre"]
[Result "1-0"]
[WhiteElo "2059"]
[BlackElo "1588"]
[PlyCount "123"]
[EventDate "2020.08.07"]
[EventType "team-tourn (rapid)"]
[EventRounds "9"]
[EventCountry "USA"]
[SourceTitle "CBM 198"]
[Source "ChessBase"]
[SourceDate "2020.10.31"]
[SourceVersion "1"]
[SourceVersionDate "2020.10.31"]
[SourceQuality "1"]
[WhiteTeam "Denmark"]
[BlackTeam "Mozambique"]
[WhiteTeamCountry "DEN"]
[BlackTeamCountry "MOZ"]

1. d4 d5 2. c4 dxc4 3. e3 e6 4. Bxc4 Nf6 5. Nf3 Be7 6. Nc3 a6 7. 0-0 b5 8. Bd3 Bb7 9. Re1 0-0 10. e4 c5 11. dxc5 Bxc5 12. Qe2 Ng4 13. Nd1 Nc6 14. h3 Nf6 15. Be3 Be7 16. a3 h6 17. Nc3 Rc8 18. Rad1 Qc7 19. Bb1 Rfd8 20. Bc1 e5 21. Be3 Na5 22. Nd2 Rd7 23. Rc1 Qb8 24. b4 Nc4 25. Nxc4 Rxc4 26. Ba2 Rc8 27. f3 Rdc7 28. Nd5 Rxc1 29. Nxe7+ Kf8 30. Rxc1 Rxc1+ 31. Bxc1 Kxe7 32. Be3 Nd7 33. Qc2 f6 34. Qb3 Qf8 35. Qe6+ Kd8 36. Kh2 Qe7 37. Qg8+ Kc7 38. Qb3 Nb6 39. Qc3+ Bc6 40. Bc5 Qd7 41. Bxb6+ Kxb6 42. Qc5+ Kb7 43. Bd5 Bxd5 44. exd5 Qc7 45. Qf8 Qd7 46. Qg8 f5 47. h4 Qe7 48. Qh7 f4 49. Kh3 Kc7 50. Qf5 Qd7 51. Kg4 g6 52. Qxd7+ Kxd7 53. h5 g5 54. Kf5 Kd6 55. Ke4 Ke7 56. Kxe5 Kd7 57. d6 Kd8 58. Kf6 Kd7 59. Kg6 Kxd6 60. Kxh6 Ke5 61. Kxg5 Kd4 62. h6 1-0

[Event "Online Olym Div3 D"]
[Site "Chess.com INT"]
[Date "2020.08.07"]
[Round "1.2"]
[White "Sitoe, Cheila Andre"]
[Black "Brown, Raehanna"]
[Result "1/2-1/2"]
[WhiteElo "1588"]
[BlackElo "1594"]
[PlyCount "114"]
[EventDate "2020.08.07"]
[EventType "team-tourn (rapid)"]
[EventRounds "9"]
[EventCountry "USA"]
[SourceTitle "CBM 198"]
[Source "ChessBase"]
[SourceDate "2020.10.31"]
[SourceVersion "1"]
[SourceVersionDate "2020.10.31"]
[SourceQuality "1"]
[WhiteTeam "Mozambique"]
[BlackTeam "Jamaica"]
[WhiteTeamCountry "MOZ"]
[BlackTeamCountry "JAM"]

1. e4 c5 2. Nf3 Nc6 3. d4 cxd4 4. Nxd4 Nf6 5. Nc3 g6 6. f3 Bg7 7. Be3 0-0 8. Nxc6 dxc6 9. Qxd8 Rxd8 10. Bd3 e5 11. 0-0 Be6 12. Rfd1 b6 13. Rd2 Rd7 14. Rad1 Rad8 15. a3 Ne8 16. Kf2 Kf8 17. Ne2 Nc7 18. c4 h6 19. c5 b5 20. Nc1 f5 21. Ke2 f4 22. Bf2 Bf7 23. Bc2 Bc4+ 24. Ke1 Ke7 25. Rxd7+ Rxd7 26. Rxd7+ Kxd7 27. Kd2 Bf6 28. Bd3 Bf7 29. Kc3 a5 30. Nb3 a4 31. Nc1 Na6 32. Bb1 Bc4 33. Bd3 Bf7 34. Bc2 Be6 35. b3 axb3 36. Bxb3 Be7 37. Bxe6+ Kxe6 38. Nd3 g5 39. Kb3 Bd8 40. Nb4 Nxb4 41. axb4 Be7 42. Kc3 h5 43. Kd3 Kf6 44. Ke2 g4 45. Kd3 Kg5 46. Ke2 gxf3+ 47. Kxf3 h4 48. h3 Kh5 49. Be1 Bf6 50. Ke2 Bg7 51. Kf3 Kg5 52. Bc3 Bf6 53. Bb2 Bg7 54. Bc3 Bf6 55. Be1 Bg7 56. Kf2 Bf6 57. Kf3 Kh5 1/2-1/2

[Event "Olympiad Women-43"]
[Site "Batumi"]
[Date "2018.09.27"]
[Round "4.68"]
[White "Valombola, Magdalena"]
[Black "Sitoe, Cheila Andre"]
[Result "0-1"]
[WhiteElo "1364"]
[BlackElo "1545"]
[PlyCount "106"]
[EventDate "2018.09.24"]
[EventType "team-swiss"]
[EventRounds "11"]
[EventCountry "GEO"]
[SourceTitle "EXT 2020"]
[Source "ChessBase"]
[SourceDate "2019.10.17"]
[SourceVersion "1"]
[SourceVersionDate "2019.10.17"]
[SourceQuality "1"]
[WhiteTeam "Namibia (W)"]
[BlackTeam "Mozambique (W)"]
[WhiteTeamCountry "NAM"]
[BlackTeamCountry "MOZ"]

1. e4 e5 2. Bc4 d6 3. d3 Be7 4. h3 Nf6 5. Nf3 0-0 6. 0-0 Nc6 7. c3 h6 8. Re1 Nh7 9. Nbd2 Kh8 10. Nf1 f5 11. exf5 Rxf5 12. Ng3 Rf6 13. d4 e4 14. Nxe4 Rxf3 15. Qxf3 d5 16. Bd3 dxe4 17. Qxe4 Nf6 18. Qg6 Bd7 19. Re3 Qe8 20. Qg3 Qf8 21. Rf3 Bd6 22. Qh4 Be7 23. Be3 Nd8 24. Re1 Bc6 25. Rf4 Nf7 26. Bg6 Nd5 27. Rxf7 Bxh4 28. Rxf8+ Rxf8 29. g3 Bf6 30. Bc1 Bd8 31. c4 Ne7 32. Bd3 Bd7 33. h4 Nf5 34. d5 Bf6 35. b4 Bc3 36. Re4 Bxb4 37. a3 Bc5 38. Rf4 Bd6 39. Rf3 Nd4 40. Rxf8+ Bxf8 41. Be3 Bc5 42. f4 Kg8 43. Kg2 Kf7 44. h5 Kf6 45. Kf2 b6 46. Kg2 Bf5 47. Bxf5 Kxf5 48. Kh3 Ke4 49. Bc1 Nb3 50. Bb2 Bd4 51. Bxd4 Nxd4 52. Kh4 Nc2 53. a4 Ne3 0-1